Tribhuvan University Central Library

Ekta learner's dictionary: English-English-Nepali / (Record no. 114667)

MARC details
000 -LEADER
fixed length control field 00523nam a2200169 4500
008 - FIXED-LENGTH DATA ELEMENTS--GENERAL INFORMATION
fixed length control field 240619b |||||||| |||| 00| 0 eng d
020 ## - INTERNATIONAL STANDARD BOOK NUMBER
International Standard Book Number 9789937107198
082 ## - DEWEY DECIMAL CLASSIFICATION NUMBER
Classification number 495.5132/L479
245 ## - TITLE STATEMENT
Title Ekta learner's dictionary: English-English-Nepali /
Statement of responsibility, etc. edited by Shreedhar Prasad Lohani.
260 ## - PUBLICATION, DISTRIBUTION, ETC.
Place of publication, distribution, etc. Kathmandu:
Name of publisher, distributor, etc. Ekta books,
Date of publication, distribution, etc. 2000
300 ## - PHYSICAL DESCRIPTION
Extent 2792p.:ills.
650 ## - SUBJECT ADDED ENTRY--TOPICAL TERM
Topical term or geographic name entry element English dictionary
650 ## - SUBJECT ADDED ENTRY--TOPICAL TERM
Topical term or geographic name entry element Nepali dictionary
9 (RLIN) 158
650 ## - SUBJECT ADDED ENTRY--TOPICAL TERM
Topical term or geographic name entry element dictionary
700 ## - ADDED ENTRY--PERSONAL NAME
Personal name Lohani, Shreedhar Prasad 'ed.'
942 ## - ADDED ENTRY ELEMENTS (KOHA)
Source of classification or shelving scheme Dewey Decimal Classification
Koha item type ISBN
Holdings
Withdrawn status Lost status Source of classification or shelving scheme Damaged status Not for loan Home library Current library Date acquired Total Checkouts Full call number Barcode Date last seen Price effective from Koha item type
    Dewey Decimal Classification     Tribhuvan University Central Library Tribhuvan University Central Library 06/19/2024   495.5132/L479 IS21416 06/19/2024 06/19/2024 ISBN
    Dewey Decimal Classification     Tribhuvan University Central Library Tribhuvan University Central Library 08/15/2024   495.5132/L479 IS21417 08/15/2024 08/15/2024 ISBN